[Event "Chigorin Memorial"]
[Site "St Petersburg RUS"]
[Date "2012.11.02"]
[Round "7.82"]
[White "Timofeeva, Ekaterina"]
[Black "Hallaeva, Bahar"]
[Result "1-0"]
[WhiteTitle "WIM"]
[BlackTitle "WFM"]
[WhiteElo "2331"]
[BlackElo "2139"]
[WhiteFideId "4193172"]
[BlackFideId "14000679"]
[EventDate "2012.10.27"]

1. Nf3 Nf6 2. g3 b6 3. Bg2 Bb7 4. c4 e6 5. O-O d5 6. cxd5 exd5 7. d4 Bd6 8. Nc3
c6 9. Nh4 O-O 10. Nf5 Bc7 11. Qc2 Nbd7 12. b3 Re8 13. Bg5 h6 14. Bh4 Re6 15. e4
dxe4 16. Nxe4 Qf8 17. Nxf6+ Nxf6 18. d5 Nxd5 19. Bxd5 Re5 20. Ne7+ Kh8 21. Rae1
g5 22. Rxe5 Bxe5 23. Nxc6 Bxc6 24. Bxc6 Rc8 25. Bxg5 hxg5 26. Qf5 Rxc6 27. Qxe5+
f6 28. Qf5 Qe7 29. Rd1 Re6 30. Rd5 Kg7 31. h4 gxh4 32. Qg4+ Kf8 33. Qxh4 Re1+
34. Kg2 Qg7 35. Rd8+ Ke7 36. Qd4 Kf7 37. Qd5+ 1-0

[Event "Chigorin Memorial"]
[Site "St Petersburg RUS"]
[Date "2012.11.02"]
[Round "7.83"]
[White "Kalinin, Nikita"]
[Black "Leontiev, Aleksandr V."]
[Result "0-1"]
[BlackTitle "IM"]
[WhiteElo "2153"]
[BlackElo "2321"]
[WhiteFideId "24155390"]
[BlackFideId "4122968"]
[EventDate "2012.10.27"]

1. d4 Nf6 2. c4 g6 3. Nc3 d5 4. cxd5 Nxd5 5. Bd2 Nb6 6. Bf4 Bg7 7. e3 c5 8. Bb5+
Nc6 9. dxc5 Nd7 10. Nge2 O-O 11. O-O Nxc5 12. Rc1 Bf5 13. Nd5 Nd3 14. Bxd3 Qxd5
15. Bxf5 Qxf5 16. Qb3 e5 17. Qxb7 exf4 18. Qxc6 fxe3 19. fxe3 Qd3 20. Qc2 Qxe3+
21. Kh1 Rad8 22. Rcd1 Rxd1 23. Rxd1 Re8 24. Ng3 Bxb2 25. Rf1 Bd4 26. Qc4 Re6 27.
Rd1 Qf2 28. Qf1 Qxf1+ 29. Nxf1 Bb6 30. g3 Rf6 31. a4 Kf8 32. Ra1 Rf2 33. a5 Bd4
34. Rd1 Bc3 35. a6 Ra2 36. Rd6 Ke7 37. Rd3 Be5 38. Rb3 Rxa6 39. Ne3 Ke6 40. Rb5
Ra2 41. Nc4 Bd4 42. Rb3 Kd5 43. Na3 Rb2 44. Rf3 f5 45. h3 a5 46. Rf1 Rb3 0-1

[Event "Chigorin Memorial"]
[Site "St Petersburg RUS"]
[Date "2012.11.02"]
[Round "7.84"]
[White "Aminov, Andrey"]
[Black "Gubernatorov, Sergey"]
[Result "1-0"]
[BlackTitle "FM"]
[WhiteElo "2147"]
[BlackElo "2311"]
[WhiteFideId "24162728"]
[BlackFideId "4148215"]
[EventDate "2012.10.27"]

1. e4 c5 2. Nf3 g6 3. c3 Bg7 4. d4 cxd4 5. cxd4 d5 6. e5 Bg4 7. Bb5+ Nc6 8.
Bxc6+ bxc6 9. Nbd2 f6 10. O-O fxe5 11. dxe5 Nh6 12. h3 Bf5 13. Nb3 O-O 14. Be3
Qc8 15. Qd2 Nf7 16. Bf4 Bxh3 17. gxh3 Qxh3 18. Bg3 Nh6 19. Qe2 Rf5 20. Nbd4 Rh5
21. Nh2 Rf8 22. Rfe1 c5 23. Ndf3 Qe6 24. Rad1 Nf5 25. b3 g5 26. Nd4 Qh6 27. Nxf5
Rxf5 28. Rxd5 g4 29. Rd8+ Bf8 30. Qc4+ e6 31. Re4 Kf7 32. Rd7+ Kg8 33. Rxg4+ Kh8
34. Rd8 Rf3 35. Qxc5 1-0

[Event "Chigorin Memorial"]
[Site "St Petersburg RUS"]
[Date "2012.11.02"]
[Round "7.85"]
[White "Gerasimov, Ivan"]
[Black "Kostrikina, Anna"]
[Result "1/2-1/2"]
[WhiteTitle "FM"]
[BlackTitle "WFM"]
[WhiteElo "2308"]
[BlackElo "2138"]
[WhiteFideId "4196562"]
[BlackFideId "4176219"]
[EventDate "2012.10.27"]

1. e4 c5 2. b3 d6 3. Bb5+ Bd7 4. Bxd7+ Nxd7 5. Bb2 Ngf6 6. d3 e6 7. f4 Be7 8.
Nf3 O-O 9. O-O Qc7 10. Nbd2 b5 11. Kh1 Nb6 12. c4 bxc4 13. dxc4 d5 14. cxd5 exd5
15. e5 Ng4 16. Qe2 d4 17. Ne4 Qd7 18. e6 fxe6 19. Nxd4 Nxh2 20. Nxe6 Qxe6 21.
Kxh2 Rae8 22. g3 c4 23. Qf3 Bb4 24. Ng5 Qe2+ 25. Rf2 Qxf3 26. Nxf3 c3 27. Bc1
Re7 28. a3 Bc5 29. Rc2 Nd5 30. b4 Bb6 31. Raa2 Rfe8 32. Kg2 Ne3+ 33. Bxe3 Rxe3
34. Ne5 Rc8 35. Ra1 Re8 36. Rd1 Bc7 37. Kf2 Bb6 38. Kg2 Bc7 39. Nc4 Re2+ 40.
Rxe2 Rxe2+ 41. Kf3 Ra2 42. Rc1 c2 43. g4 g5 44. fxg5 Kg7 45. Ke4 Kg6 46. Ne3
Kxg5 47. Rxc2 Rxc2 48. Nxc2 Kxg4 49. Ne3+ Kg5 50. Kf3 Bb6 51. Nc4 Kf5 52. a4 Ke6
53. a5 Bc7 54. b5 Kd5 55. b6 axb6 56. Nxb6+ Bxb6 57. axb6 Kc6 1/2-1/2

[Event "Chigorin Memorial"]
[Site "St Petersburg RUS"]
[Date "2012.11.02"]
[Round "7.86"]
[White "Gorjunov, Sergey2"]
[Black "Donskov, Anatoly"]
[Result "0-1"]
[BlackTitle "FM"]
[WhiteElo "2134"]
[BlackElo "2305"]
[WhiteFideId "4166590"]
[BlackFideId "24143413"]
[EventDate "2012.10.27"]

1. c4 e5 2. Nc3 d6 3. Nf3 f5 4. d4 e4 5. Ng5 Be7 6. Nh3 Nf6 7. e3 O-O 8. Be2 c6
9. b3 Na6 10. Bb2 Nc7 11. Qd2 Kh8 12. Rc1 Be6 13. Nf4 Bg8 14. h4 Ne6 15. Nxe6
Bxe6 16. d5 Bf7 17. h5 h6 18. f4 Rc8 19. dxc6 bxc6 20. Kf2 Qa5 21. Rhd1 Qc7 22.
Na4 Kh7 23. c5 d5 24. Be5 Qd8 25. Rh1 Qe8 26. Qa5 Qd7 27. Qc3 Qe6 28. Kg1 Rg8
29. Rh2 g6 30. hxg6+ Rxg6 31. Kf2 Rcg8 32. Rch1 Ng4+ 33. Bxg4 Rxg4 34. Qa5 Qg6
35. Rxh6+ Qxh6 36. Rxh6+ Kxh6 37. g3 Rxg3 38. Ke2 Rg2+ 39. Kd1 Bh5+ 40. Kc1 Re2
41. Nc3 Rg1+ 42. Nd1 Rxd1+ 0-1

[Event "Chigorin Memorial"]
[Site "St Petersburg RUS"]
[Date "2012.11.02"]
[Round "7.87"]
[White "Khakimov, Timur"]
[Black "Kozhabekov, Adilkhan"]
[Result "1/2-1/2"]
[WhiteTitle "IM"]
[WhiteElo "2303"]
[BlackElo "2127"]
[WhiteFideId "4169115"]
[BlackFideId "13702858"]
[EventDate "2012.10.27"]

1. e4 c6 2. d3 d5 3. Nd2 e5 4. Ngf3 Bd6 5. d4 exd4 6. exd5 Nf6 7. dxc6 bxc6 8.
Nc4 c5 9. c3 Nc6 10. cxd4 cxd4 11. Nxd6+ Qxd6 12. Be2 O-O 13. O-O Rd8 14. Ne1
Bb7 15. Nd3 Nd5 16. Bg5 Re8 17. Bf3 Ba6 18. Rc1 Ne5 19. Bxd5 Nxd3 20. Bxf7+ Kxf7
21. Qf3+ Kg8 22. Rc6 Ne5 23. Qb3+ Bc4 24. Rxd6 Bxb3 25. axb3 Nf7 26. Rd5 Nxg5
27. Rxg5 Rad8 28. Ra5 Rd7 29. f3 d3 30. Raa1 Re2 31. Rf2 Rc2 32. Rd1 d2 33. Kf1
Rxb2 34. Re2 Kf7 35. Re3 Kf6 36. Ke2 a5 37. Rc3 Rd5 38. Re3 g5 39. Rc3 h5 40.
Ke3 Ke5 41. g3 Rb5 42. Rxd2 R2xb3 43. Rdd3 Rxc3 44. Rxc3 a4 45. Kd3 1/2-1/2

[Event "Chigorin Memorial"]
[Site "St Petersburg RUS"]
[Date "2012.11.02"]
[Round "7.88"]
[White "Minko, Vladimir"]
[Black "Chehlov, Aleksander"]
[Result "1-0"]
[BlackTitle "FM"]
[WhiteElo "2293"]
[BlackElo "2124"]
[WhiteFideId "24146706"]
[BlackFideId "11600632"]
[EventDate "2012.10.27"]

1. d4 d5 2. c4 e6 3. Nc3 c5 4. cxd5 exd5 5. Nf3 Nc6 6. g3 Nf6 7. Bg2 Be7 8. O-O
Be6 9. b3 Ne4 10. Bb2 Bf6 11. Na4 O-O 12. dxc5 Bxb2 13. Nxb2 Nxc5 14. Nd4 Qf6
15. Nxc6 bxc6 16. Qc2 Nd7 17. Na4 Bf5 18. Qd2 Rfe8 19. Rac1 Rac8 20. Rfe1 Ne5
21. Nc5 h5 22. e4 dxe4 23. Nxe4 Qg6 24. Nc5 Rcd8 25. Qa5 h4 26. Nb7 Nd3 27. Nxd8
Rf8 28. Nxc6 1-0

[Event "Chigorin Memorial"]
[Site "St Petersburg RUS"]
[Date "2012.11.02"]
[Round "7.89"]
[White "Saveliev, Alexei"]
[Black "Nikolova, Adriana"]
[Result "1-0"]
[BlackTitle "WGM"]
[WhiteElo "2126"]
[BlackElo "2290"]
[WhiteFideId "24128546"]
[BlackFideId "2908689"]
[EventDate "2012.10.27"]

1. e4 c5 2. Nf3 d6 3. d4 cxd4 4. Nxd4 Nf6 5. Nc3 a6 6. Be2 e5 7. Nb3 Be7 8. Be3
O-O 9. g4 Be6 10. g5 Nfd7 11. Qd2 Nb6 12. O-O-O N8d7 13. Kb1 Nc4 14. Bxc4 Bxc4
15. h4 b5 16. h5 b4 17. Nd5 Bxd5 18. Qxd5 a5 19. Nd2 Bxg5 20. Qxd6 Bxe3 21. fxe3
Nf6 22. Qxe5 Re8 23. Qg5 Qe7 24. Rdg1 g6 25. Qh6 Rad8 26. Nf3 Nxe4 27. hxg6 fxg6
28. Rxg6+ Kh8 29. Ne5 Rf8 30. Re6 Qg7 31. Ng6+ Kg8 32. Qxg7+ Kxg7 33. Nxf8 Ng3
34. Rg1 Kxf8 35. Rf6+ Ke7 36. Rh6 Nf5 37. Rxh7+ Kf6 38. Ra7 Nxe3 39. Rxa5 Rd2
40. Rc1 Nd5 41. Rf1+ Ke6 42. Re1+ Kd6 43. Kc1 Rd4 44. Rxd5+ Kxd5 45. Rd1 Kc4 46.
Rxd4+ Kxd4 47. Kd2 1-0

[Event "Chigorin Memorial"]
[Site "St Petersburg RUS"]
[Date "2012.11.02"]
[Round "7.91"]
[White "Sarana, Alexey"]
[Black "Mirzoeva, Elmira"]
[Result "1-0"]
[BlackTitle "WGM"]
[WhiteElo "2118"]
[BlackElo "2283"]
[WhiteFideId "24133795"]
[BlackFideId "4127951"]
[EventDate "2012.10.27"]

1. e4 c5 2. Nf3 Nc6 3. d4 cxd4 4. Nxd4 Nf6 5. Nc3 d6 6. Bg5 e6 7. Qd2 Be7 8.
O-O-O O-O 9. f3 Nxd4 10. Qxd4 a6 11. Bd3 Qc7 12. f4 e5 13. Qg1 exf4 14. Bxf4 Bg4
15. Rd2 Rac8 16. Kb1 Be6 17. Qd1 Qa5 18. Nd5 Kh8 19. c4 Bxd5 20. exd5 b5 21.
cxb5 axb5 22. Qf3 Rc5 23. Bc2 Ra8 24. Bb3 Nd7 25. Re2 Qd8 26. Rhe1 Bf8 27. a3
Rcc8 28. Bc2 Qf6 29. Bd2 Qxf3 30. gxf3 Ne5 31. Bc3 Nxf3 32. Rf1 Rxc3 33. bxc3
Ne5 34. Rxe5 dxe5 35. Rxf7 Bxa3 36. Rb7 g6 37. Rxb5 Rc8 38. Rb3 Bd6 39. Rb6 Bc5
40. Re6 Kg7 41. Kb2 Rb8+ 42. Bb3 Rf8 43. Rxe5 Rf2+ 44. Bc2 Rxh2 45. Kb3 Rd2 46.
Be4 Kf7 47. Kc4 Be7 48. Re6 Bf6 49. Ra6 g5 50. Ra7+ Be7 51. Bd3 Kf8 52. Ra8+ Kf7
53. Rh8 g4 54. Rxh7+ Kf8 55. Rh6 Kf7 56. d6 Bd8 57. Rh8 g3 58. Rxd8 g2 59. Rg8
Kxg8 60. d7 Rxd3 61. Kxd3 g1=Q 62. d8=Q+ Kf7 63. Qd7+ Kf8 64. Kc4 Qf1+ 65. Kb4
Qb1+ 66. Kc5 Qg1+ 67. Qd4 Qg5+ 68. Kc6 Qg2+ 69. Qd5 Qc2 70. c4 Qa4+ 71. Kd6 Qa3+
72. Qc5 Qa6+ 73. Qc6 Qa3+ 74. Qc5 Qa6+ 75. Kd7+ Kg7 76. Qc7 Qa4+ 77. Kc8+ Kh6
78. c5 Kh5 79. c6 Qg4+ 80. Kb7 Qb4+ 81. Qb6 Qe4 82. Ka7 Qa4+ 83. Kb8 Qf4+ 84. c7
Qe5 85. Ka8 Qa1+ 86. Kb7 Qh1+ 87. Qc6 Qb1+ 88. Ka6 Qa1+ 89. Kb6 Qd1 90. c8=Q
Qd4+ 91. Qc5+ 1-0

[Event "Chigorin Memorial"]
[Site "St Petersburg RUS"]
[Date "2012.11.02"]
[Round "7.92"]
[White "Turikov, Viktor"]
[Black "Mrykhin, Igor"]
[Result "0-1"]
[WhiteTitle "FM"]
[WhiteElo "2270"]
[BlackElo "2110"]
[WhiteFideId "4107810"]
[BlackFideId "24168106"]
[EventDate "2012.10.27"]

1. d4 d5 2. Nc3 Bf5 3. Bf4 c6 4. e3 e6 5. Nge2 h5 6. Ng3 h4 7. Nxf5 exf5 8. h3
g5 9. Be5 f6 10. Bxb8 Qxb8 11. Bd3 Ne7 12. Qf3 Qc8 13. O-O-O Qe6 14. g4 fxg4 15.
hxg4 O-O-O 16. Kb1 Kb8 17. e4 dxe4 18. Bxe4 Nd5 19. Bxd5 cxd5 20. Rhe1 Qc6 21.
Qf5 Bb4 22. Re6 Qd7 23. Rxf6 Be7 24. Re6 h3 25. Qe5+ Bd6 26. Qxd5 h2 27. Rh1 a6
28. Ne4 Bf4 29. Qxd7 Rxd7 30. c3 Rh4 31. Kc2 Rf7 32. Nf6 Ka7 33. d5 Rh6 34. Nh5
Rh8 35. Kd3 Bc7 36. Rf6 Rxf6 37. Nxf6 Rh3+ 38. Ke2 b5 39. Ne4 Bf4 40. f3 Kb6 41.
Kf2 Rh8 42. Kg2 a5 43. Rd1 Kc7 44. Nc5 a4 45. d6+ Kc6 46. d7 Kxc5 47. d8=Q h1=Q+
48. Rxh1 Rxd8 49. Rf1 Kc4 50. Rf2 Kd3 0-1

[Event "Chigorin Memorial"]
[Site "St Petersburg RUS"]
[Date "2012.11.02"]
[Round "7.93"]
[White "Fomichenko, Svetlana"]
[Black "Kostyuchenko, Vladimir"]
[Result "0-1"]
[WhiteTitle "WGM"]
[WhiteElo "2256"]
[BlackElo "2101"]
[WhiteFideId "14101807"]
[BlackFideId "4126084"]
[EventDate "2012.10.27"]

1. e4 c5 2. Nf3 d6 3. d4 cxd4 4. Nxd4 Nf6 5. Nc3 Nc6 6. Be2 g6 7. O-O Bg7 8. Nb3
O-O 9. Re1 a6 10. Bf1 b5 11. a4 b4 12. Nd5 Nd7 13. a5 Re8 14. Ra2 e6 15. Ne3 Qc7
16. Nc4 Bf8 17. Be3 Bb7 18. Qd2 Nc5 19. Bf4 e5 20. Bh6 Rad8 21. Bxf8 Rxf8 22.
Nb6 Nxb3 23. cxb3 Nxa5 24. Nd5 Nxb3 25. Nf6+ Kg7 26. Nh5+ Kh8 27. Qg5 f5 28. Nf6
fxe4 29. Nxe4 Qf7 30. f3 Bxe4 31. Rxe4 Nc5 32. Rc4 e4 33. b3 exf3 34. Rf2 Qa7
35. Qe3 Qg7 36. Rxb4 Rde8 37. Qc1 Ne4 38. Rxf3 Qa7+ 39. Kh1 Nf2+ 40. Rxf2 Qxf2
41. Qa1+ Re5 0-1

[Event "Chigorin Memorial"]
[Site "St Petersburg RUS"]
[Date "2012.11.02"]
[Round "7.95"]
[White "Lobanov, Sergei"]
[Black "Toivonen, Alexander V."]
[Result "1-0"]
[BlackTitle "FM"]
[WhiteElo "2081"]
[BlackElo "2250"]
[WhiteFideId "24183750"]
[BlackFideId "4107918"]
[EventDate "2012.10.27"]

1. e4 e5 2. Nf3 Nf6 3. Nxe5 d6 4. Nf3 Nxe4 5. d4 d5 6. Bd3 Nc6 7. O-O Be7 8. c4
Nb4 9. Be2 O-O 10. Nc3 Be6 11. Ne5 f6 12. Nf3 Kh8 13. Be3 f5 14. a3 Nxc3 15.
bxc3 Nc6 16. cxd5 Bxd5 17. Bf4 Bd6 18. Qd2 Na5 19. Bxd6 cxd6 20. Rab1 Rc8 21.
Rb5 Bxf3 22. Bxf3 a6 23. Rb4 Rf7 24. Bd5 Re7 25. c4 Rec7 26. Be6 Rb8 27. Qf4 Nc6
28. Rb3 g5 29. Qe3 f4 30. Qe4 Qf6 31. Rd1 Re8 32. d5 Nd8 33. Rb6 Nxe6 34. Rxd6
Rce7 35. f3 Nc5 36. Rxf6 Nxe4 37. fxe4 Rxe4 38. c5 g4 39. d6 Kg7 40. Rf5 Kg6 41.
Rfd5 g3 42. Rf1 Re1 43. hxg3 fxg3 44. Rd3 R8e3 45. Rxe3 Rxe3 46. Rd1 Re8 47. Kf1
Kf6 48. Rb1 Re5 49. Rxb7 Rxc5 50. Rxh7 Rd5 51. Ke2 Kg6 52. Rd7 Kf5 53. Rd8 Ke6
54. Rg8 Re5+ 55. Kd2 Kxd6 56. Rxg3 Kc5 57. Re3 Rf5 58. Ke2 Kb5 59. Re4 Rc5 60.
g4 Rc1 61. Kf3 Rc3+ 62. Re3 Rc1 63. Kf4 Ka4 64. g5 a5 65. g6 Rc5 66. g7 Rc8 67.
Kg5 1-0

[Event "Chigorin Memorial"]
[Site "St Petersburg RUS"]
[Date "2012.11.02"]
[Round "7.96"]
[White "Gantsevich, Aleksei"]
[Black "Schepetkova, Margarita"]
[Result "1-0"]
[WhiteElo "2046"]
[BlackElo "2239"]
[WhiteFideId "24131610"]
[BlackFideId "4189949"]
[EventDate "2012.10.27"]

1. e4 e6 2. Qe2 c5 3. g3 Nc6 4. c3 Be7 5. d3 d5 6. f4 dxe4 7. dxe4 e5 8. Nf3
exf4 9. Bxf4 Be6 10. Na3 a6 11. Rd1 Qc8 12. Nc4 Bxc4 13. Qxc4 h6 14. e5 g5 15.
Be3 Qf5 16. Bg2 g4 17. Nh4 Qxe5 18. Qe2 Bxh4 19. gxh4 Nge7 20. O-O g3 21. h3 Rd8
22. Rde1 Qd6 23. Qh5 O-O 24. Bxc5 Qg6 25. Qxg6+ Nxg6 26. Bxf8 Kxf8 27. Bxc6 bxc6
28. h5 Ne7 29. Rd1 Rb8 30. b3 Nd5 31. Rd3 Re8 32. Rxg3 Re2 33. Rf2 Re1+ 34. Kh2
Re5 35. c4 Ne3 36. Rgf3 f5 37. Kg3 Kg7 38. Rf4 Kf6 39. Kf3 Nd1 40. Re2 Rxe2 41.
Kxe2 Nc3+ 42. Kd3 Nxa2 43. Rf2 Nb4+ 44. Kc3 c5 45. Rg2 f4 46. Rg6+ Kf5 47. Rxh6
f3 48. Rh8 Ke4 49. Re8+ Kf4 50. h6 1-0

[Event "Chigorin Memorial"]
[Site "St Petersburg RUS"]
[Date "2012.11.02"]
[Round "7.97"]
[White "Voronenkov, Sergey"]
[Black "Spielmann, Alain"]
[Result "1/2-1/2"]
[BlackTitle "FM"]
[WhiteElo "2020"]
[BlackElo "2235"]
[WhiteFideId "24129674"]
[BlackFideId "602272"]
[EventDate "2012.10.27"]

1. e4 c6 2. d4 d5 3. Nc3 dxe4 4. Nxe4 Bf5 5. Ng3 Bg6 6. h4 h6 7. Nf3 Nd7 8. h5
Bh7 9. Bd3 Bxd3 10. Qxd3 e6 11. Bf4 Qa5+ 12. Bd2 Bb4 13. c3 Be7 14. c4 Qc7 15.
O-O-O Ngf6 16. Ne4 O-O 17. Nxf6+ Nxf6 18. Ne5 Rfd8 19. Bxh6 gxh6 20. Qg3+ Kh7
21. Qd3+ Kg8 22. Qg3+ Kh7 23. Qd3+ 1/2-1/2

[Event "Chigorin Memorial"]
[Site "St Petersburg RUS"]
[Date "2012.11.02"]
[Round "7.100"]
[White "Samdanov, Samdan"]
[Black "Gogolev, Artem"]
[Result "1-0"]
[WhiteElo "2221"]
[BlackElo "2090"]
[WhiteFideId "4188101"]
[BlackFideId "4116615"]
[EventDate "2012.10.27"]

1. d4 Nf6 2. c4 e6 3. Nc3 Bb4 4. e3 O-O 5. Ne2 d5 6. a3 Be7 7. cxd5 exd5 8. g3
c6 9. Bg2 Bf5 10. f3 Qa5 11. O-O c5 12. dxc5 Bxc5 13. g4 Be6 14. g5 Ne8 15. f4
Nd6 16. Nxd5 Bxd5 17. Qxd5 Qb6 18. Kh1 Nc6 19. Nc3 Ne7 20. Qd3 Rfd8 21. b4 Ndc8
22. Qe2 Bd6 23. Bb2 Re8 24. e4 a5 25. b5 Qa7 26. Na4 Bc5 27. Qc4 Bb6 28. Qc3 1-0

[Event "Chigorin Memorial"]
[Site "St Petersburg RUS"]
[Date "2012.11.02"]
[Round "7.101"]
[White "Yakimenko, Alexander A."]
[Black "Panov, Ivan"]
[Result "1-0"]
[WhiteElo "2220"]
[BlackElo "2021"]
[WhiteFideId "24141917"]
[BlackFideId "24177750"]
[EventDate "2012.10.27"]

1. d4 d5 2. Nf3 c6 3. e3 e6 4. c4 f5 5. Nc3 Nf6 6. Ne5 Bd6 7. f4 O-O 8. Be2 b6
9. O-O Bb7 10. Qc2 Ne4 11. Nxe4 fxe4 12. Bd2 c5 13. Rab1 Nc6 14. cxd5 exd5 15.
Nxc6 Bxc6 16. dxc5 bxc5 17. b4 c4 18. Bxc4 Rc8 19. Bb3 Kh8 20. Qb2 Qb6 21. Qd4
Qxd4 22. exd4 Bb5 23. Rfc1 Rce8 24. Re1 Bxf4 25. Bxf4 Rxf4 26. Re3 Rf5 27. Rc1
h5 28. h4 Ref8 29. Rg3 Bd3 30. Rc7 R8f7 31. Rxf7 Rxf7 32. Bxd5 Rd7 33. Rg5 g6
34. Kf2 Rc7 35. Ke3 Rc2 36. Bxe4 Bxe4 37. Kxe4 Rxa2 38. Rxg6 1-0

[Event "Chigorin Memorial"]
[Site "St Petersburg RUS"]
[Date "2012.11.02"]
[Round "7.102"]
[White "Matveeva, Olga"]
[Black "Puzko, Danila"]
[Result "1-0"]
[WhiteTitle "WFM"]
[WhiteElo "2219"]
[BlackElo "1957"]
[WhiteFideId "24107018"]
[BlackFideId "24153745"]
[EventDate "2012.10.27"]

1. d4 Nf6 2. c4 c5 3. d5 b5 4. cxb5 a6 5. b6 d6 6. Nc3 Qxb6 7. e4 g6 8. a4 Bg7
9. a5 Qc7 10. Be2 O-O 11. Nf3 Bg4 12. Nd2 Bxe2 13. Qxe2 Nbd7 14. Nc4 Rfb8 15.
O-O Qb7 16. f4 Ne8 17. e5 Nf8 18. f5 dxe5 19. Nxe5 Nf6 20. fxg6 hxg6 21. Ra4 Re8
22. Rh4 N8d7 23. Nxf7 Nf8 24. Nh6+ Bxh6 25. Bxh6 Qd7 26. Qd3 1-0

[Event "Chigorin Memorial"]
[Site "St Petersburg RUS"]
[Date "2012.11.02"]
[Round "7.106"]
[White "Pershina, Elena"]
[Black "Iljiushenok, Ilia"]
[Result "1/2-1/2"]
[WhiteTitle "WFM"]
[WhiteElo "2122"]
[BlackElo "2427"]
[WhiteFideId "24147516"]
[BlackFideId "24105074"]
[EventDate "2012.10.27"]

1. c4 c5 2. Nf3 Nc6 3. d4 cxd4 4. Nxd4 g6 5. Nc3 Bg7 6. e3 Nf6 7. Be2 O-O 8. O-O
d6 9. Re1 Bd7 10. b3 a6 11. Bb2 Qa5 12. Qd2 Rfc8 13. Rad1 b5 14. Nxc6 Bxc6 15.
Nd5 Qxd2 16. Nxf6+ Bxf6 17. Rxd2 Kg7 18. Bxf6+ Kxf6 19. f4 b4 20. Bg4 Rd8 21.
Kf2 a5 22. a4 bxa3 23. Ra1 Rdb8 24. Rxa3 a4 25. bxa4 Rxa4 26. Rxa4 Bxa4 27. Be2
Rc8 28. Rb2 Bd7 29. Rb7 Bc6 30. Rb6 Be4 31. Rb4 Bc6 32. Rb6 Ba8 33. Ra6 Be4 34.
Ra4 h5 35. Rb4 Bf5 36. h3 Be6 37. Kg3 Ra8 38. Bf3 Ra5 39. Be4 Ra3 40. Kf3 Rc3
41. Bd5 Bc8 42. Ke2 Bf5 43. e4 Bc8 44. e5+ dxe5 45. fxe5+ Kxe5 46. Bxf7 Bf5 47.
g4 hxg4 48. hxg4 Be4 49. Rb6 g5 50. Re6+ Kd4 51. Rxe7 Rc2+ 52. Ke1 Rh2 53. Bd5
Bd3 54. Re8 Rb2 55. Re7 Kc3 56. Re5 Kd4 57. Re7 Ra2 58. Re8 Rh2 59. Re7 Rh4 60.
Bf3 Rh2 1/2-1/2

[Event "Chigorin Memorial"]
[Site "St Petersburg RUS"]
[Date "2012.11.02"]
[Round "7.108"]
[White "Mamedov, Elmin"]
[Black "Barhudarian, Rafael"]
[Result "1/2-1/2"]
[BlackTitle "FM"]
[WhiteElo "2088"]
[BlackElo "2305"]
[WhiteFideId "24117331"]
[BlackFideId "4182685"]
[EventDate "2012.10.27"]

1. e4 d6 2. d4 Nf6 3. Bd3 c6 4. Nf3 Bg4 5. h3 Bxf3 6. Qxf3 e5 7. dxe5 dxe5 8.
O-O Nbd7 9. Be3 Be7 10. Nc3 O-O 11. Rfd1 Qc7 12. Ne2 Rfe8 13. c3 a5 14. Rd2 b5
15. Rad1 Nf8 16. Bc2 Rad8 17. Ng3 g6 18. Rxd8 Rxd8 19. Rxd8 Qxd8 20. Qd1 Qc7 21.
a4 bxa4 22. Bxa4 Ne6 23. Qd2 h5 24. Bc2 Qb7 25. b3 Nd7 26. Kh2 Ndc5 27. Qd1 Qb8
28. Ne2 Kg7 29. Qa1 Nxb3 30. Bxb3 Qxb3 31. Qxa5 Qc2 32. Ng3 c5 33. Qa7 Bf8 34.
h4 Qxc3 35. Qd7 c4 36. Qd5 Be7 37. Nf1 Bxh4 38. Nd2 Bf6 39. Qxc4 Qa1 40. Nb3 Qd1
41. Nc5 Nf4 42. Bxf4 exf4 43. Qd3 Qe1 44. Qf3 g5 45. Nd3 Qc3 46. e5 Bxe5 47.
Nxe5 Qxe5 48. Qxh5 f3+ 49. g3 Qf5 50. Kg1 f6 51. Qe8 Qe5 52. Qd7+ Kh6 53. Qd1
Qe2 54. Qa1 Kh5 55. Qc3 f5 56. Qh8+ Kg4 57. Qd4+ Qe4 58. Qd1 f4 59. Qd7+ Qf5 60.
Qd4 Qb1+ 61. Kh2 Qh7+ 62. Kg1 Kh3 63. Qd1 fxg3 64. Qf1+ Kh4 65. fxg3+ Kxg3 66.
Qf2+ Kg4 67. Qd4+ Kh3 68. Qd1 Qa7+ 69. Kh1 g4 70. Qxf3+ Kh4 71. Qf2+ 1/2-1/2

[Event "Chigorin Memorial"]
[Site "St Petersburg RUS"]
[Date "2012.11.02"]
[Round "7.109"]
[White "Popelyshev, Igor V."]
[Black "Ageichenko, Genadi A"]
[Result "0-1"]
[BlackTitle "IM"]
[WhiteElo "2071"]
[BlackElo "2301"]
[WhiteFideId "24116610"]
[BlackFideId "4105222"]
[EventDate "2012.10.27"]

1. e4 c5 2. Nf3 e6 3. c3 Nf6 4. Qc2 Nc6 5. d3 d5 6. Bg5 h6 7. Bh4 Be7 8. Nbd2
O-O 9. Be2 e5 10. O-O Be6 11. Rfe1 Re8 12. Rad1 Qd7 13. Bxf6 Bxf6 14. Nf1 d4 15.
c4 Be7 16. Ng3 g6 17. h3 Kh7 18. Nh2 Bg5 19. Bg4 h5 20. Bxe6 Rxe6 21. Nf3 Bh6
22. h4 Qe7 23. a3 Rf8 24. Rb1 a5 25. Qd1 Ra8 26. b3 Rf8 27. Rb2 Nd8 28. Qb1 Rb6
29. Ne2 Nc6 30. Ng3 Qf6 31. Ree2 Qf4 32. Rec2 Qg4 33. Qd1 Qf4 34. Rb1 Qf6 35.
Rcb2 Qe7 36. Qe1 Ra8 37. Kf1 Qf6 38. Qd1 Kg8 39. Ne2 Qe6 40. Neg1 f6 41. g3 Nd8
42. Kg2 Bf8 43. Ne2 Qd7 44. Nc1 Kh7 45. Na2 Rba6 46. Qc2 Nc6 47. Qd1 Be7 48. Ne1
Rf8 49. Qe2 Qe6 50. Nf3 Raa8 51. Re1 Rab8 52. a4 Rf7 53. Ng1 Bf8 54. Nh3 Bh6 55.
Qd1 Rbf8 56. Qe2 Qg4 57. Rf1 Kg7 58. Ng1 Nd8 59. Kh2 Nc6 60. Rc2 Qe6 61. Nh3 Qg4
62. Ng1 Qxe2 63. Rxe2 f5 64. exf5 gxf5 65. Nh3 Re7 66. f3 Rfe8 67. Rfe1 e4 68.
fxe4 Ne5 69. Rf1 fxe4 70. Rxe4 Nxd3 71. Rxe7+ Rxe7 72. Kg1 Re2 73. Rf3 Be3+ 0-1

[Event "Chigorin Memorial"]
[Site "St Petersburg RUS"]
[Date "2012.11.02"]
[Round "7.110"]
[White "Grigorjev, Iljya"]
[Black "Papp, Petra"]
[Result "0-1"]
[BlackTitle "WGM"]
[WhiteElo "2053"]
[BlackElo "2298"]
[WhiteFideId "24159565"]
[BlackFideId "739049"]
[EventDate "2012.10.27"]

1. e4 c5 2. Nf3 e6 3. c4 Nc6 4. Nc3 Nd4 5. d3 Ne7 6. g3 Nec6 7. Bg2 g6 8. O-O
Bg7 9. Nxd4 cxd4 10. Ne2 O-O 11. Rb1 a5 12. a3 Rb8 13. Qa4 d6 14. b4 axb4 15.
axb4 h6 16. b5 Ne5 17. Qb3 Nd7 18. Bb2 Nc5 19. Qc2 e5 20. h3 b6 21. g4 f5 22. f3
Be6 23. Bc1 Ra8 24. Bd2 Qd7 25. Ra1 Rac8 26. Nc1 h5 27. gxh5 gxh5 28. Qd1 Rf6
29. Qe1 Rcf8 30. Qh4 Qf7 31. Bg5 Rg6 32. Be7 Bf6 33. Bxf6 Rxf6 34. Qg5+ Rg6 35.
Qh4 fxe4 36. dxe4 Bxc4 37. Rf2 Ne6 38. Rb1 Nf4 39. Rbb2 Kh7 40. Kh2 Rfg8 41. Bf1
Bxf1 42. Rxf1 Rg2+ 43. Rxg2 Rxg2+ 44. Kh1 Qg7 45. Rf2 Rg1+ 46. Kh2 Rxc1 0-1